<?xml version="1.0" encoding="UTF-8"?><?xml-stylesheet type="text/xsl" href="static/style.xsl"?><OAI-PMH xmlns="http://www.openarchives.org/OAI/2.0/" xmlns:xsi="http://www.w3.org/2001/XMLSchema-instance" xsi:schemaLocation="http://www.openarchives.org/OAI/2.0/ http://www.openarchives.org/OAI/2.0/OAI-PMH.xsd"><responseDate>2026-04-13T13:37:14Z</responseDate><request verb="GetRecord" identifier="oai:www.recercat.cat:2445/220895" metadataPrefix="marc">https://recercat.cat/oai/request</request><GetRecord><record><header><identifier>oai:recercat.cat:2445/220895</identifier><datestamp>2025-12-05T10:59:37Z</datestamp><setSpec>com_2072_1057</setSpec><setSpec>col_2072_478847</setSpec><setSpec>col_2072_478917</setSpec></header><metadata><record xmlns="http://www.loc.gov/MARC21/slim" xmlns:dcterms="http://purl.org/dc/terms/" xmlns:xsi="http://www.w3.org/2001/XMLSchema-instance" xmlns:doc="http://www.lyncode.com/xoai" xsi:schemaLocation="http://www.loc.gov/MARC21/slim http://www.loc.gov/standards/marcxml/schema/MARC21slim.xsd">
   <leader>00925njm 22002777a 4500</leader>
   <datafield ind2=" " ind1=" " tag="042">
      <subfield code="a">dc</subfield>
   </datafield>
   <datafield ind2=" " ind1=" " tag="720">
      <subfield code="a">Ezquerro Esteban, Antonio 1964-</subfield>
      <subfield code="e">author</subfield>
   </datafield>
   <datafield ind2=" " ind1=" " tag="720">
      <subfield code="a">Brugarolas, Oriol, 1979-</subfield>
      <subfield code="e">author</subfield>
   </datafield>
   <datafield ind2=" " ind1=" " tag="720">
      <subfield code="a">Sanhuesa Fonseca, María</subfield>
      <subfield code="e">author</subfield>
   </datafield>
   <datafield ind2=" " ind1=" " tag="720">
      <subfield code="a">Canela Grau, Montserrat, 1969-</subfield>
      <subfield code="e">author</subfield>
   </datafield>
   <datafield ind2=" " ind1=" " tag="720">
      <subfield code="a">Álvarez Escandell, Carmen</subfield>
      <subfield code="e">author</subfield>
   </datafield>
   <datafield ind2=" " ind1=" " tag="260">
      <subfield code="c">2025-05-08T07:18:10Z</subfield>
   </datafield>
   <datafield ind2=" " ind1=" " tag="260">
      <subfield code="c">2025-05-08T07:18:10Z</subfield>
   </datafield>
   <datafield ind2=" " ind1=" " tag="260">
      <subfield code="c">2023</subfield>
   </datafield>
   <datafield ind2=" " ind1=" " tag="520">
      <subfield code="a">El Tratado de la Sinfonía (1801) de Antoni Ràfols i Fernández aborda el género &#xd;
sinfónico desde una perspectiva teórica y se preocupa por distinguir entre la &#xd;
música propia del templo y la música teatral. Critica los excesos de la influencia &#xd;
de la música escénica sobre la eclesiástica por no ajustarse las sinfonías, como se &#xd;
defiende, a las reglas del arte y la razón, y no ser apropiadas por su carácter para &#xd;
la ocasión y momento. Por este motivo, Ràfols emplea el término «sinfonía» &#xd;
en el sentido de música escrita para conjunto instrumental, y la define como &#xd;
«ordenado conjunto de muchos y varios instrumentos quales suelen oírse en &#xd;
los teatros, en los templos y en otros diferentes lugares, según la diferencia de &#xd;
los motivos que la excitan», criticando la costumbre de aplicar este nombre a &#xd;
géneros musicales diferentes de la sinfonía propiamente dicha. Ràfols cita en su &#xd;
tratado a Corelli y Jommelli, con nostalgia de un pasado musical que le parece &#xd;
mejor que las innovaciones presentes: «Nunca ha sonado tanto como ahora el &#xd;
nombre de Sinfonía, pero me atrevo a afirmar, que nunca han sonado menos las &#xd;
sinfonías». &#xd;
Así, Ràfols hace referencia en su tratado a una «sinfonía» que poco tiene que &#xd;
ver con las producciones coetáneas y aun anteriores de Haydn, Mozart o Beethoven; no obstante, es una muestra muy significativa y representativa de lo &#xd;
que pudo haber sido la música española del momento, zarandeada todavía por &#xd;
el fuerte peso de lo eclesiástico y por la llegada de novedades del exterior, cada &#xd;
vez más volcadas hacia el ámbito profano y civil, y con una ópera y música instrumental (de cámara y orquestal) en ascenso. El Tratado de la Sinfonía es, pues, &#xd;
producto de «otra inercia cultural», que, a pesar de todo lo que queda a día de &#xd;
hoy por estudiar al respecto, fue testigo de una enorme actividad en las iglesias &#xd;
(barcelonesas, catalanas, españolas y de los amplios territorios bajo influencia &#xd;
hispánica), donde se programaba música instrumental, tanto propia como foránea, con asiduidad. &#xd;
El presente libro ofrece por primera vez una edición facsimilar del Tratado &#xd;
de la Sinfonía, precedida de dos estudios críticos a cargo de especialistas, que &#xd;
abordan, por un lado, la figura de Ràfols en el marco del pensamiento musical &#xd;
español de la segunda mitad del siglo xviii y, por otro, su discurso combativo &#xd;
acerca del concepto «sinfonía», en cuanto a la adecuación o inadecuación de la &#xd;
música instrumental en el templo y a los ‘excesos sonoros’ de las sinfonías del &#xd;
momento.</subfield>
   </datafield>
   <datafield tag="653" ind2=" " ind1=" ">
      <subfield code="a">Musicologia</subfield>
   </datafield>
   <datafield tag="653" ind2=" " ind1=" ">
      <subfield code="a">Simfonia</subfield>
   </datafield>
   <datafield tag="653" ind2=" " ind1=" ">
      <subfield code="a">Musicology</subfield>
   </datafield>
   <datafield tag="653" ind2=" " ind1=" ">
      <subfield code="a">Symphony</subfield>
   </datafield>
   <datafield ind2="0" ind1="0" tag="245">
      <subfield code="a">Ecos tardíos del repertorio internacional y la música instrumental en España: El Tratado de la Sinfonía (1801) de Antoni Ràfols</subfield>
   </datafield>
</record></metadata></record></GetRecord></OAI-PMH>